000 00571nam a22001817a 4500
003 UA-OsUOA
001 11263
007 ta
008 20050303b un ||||| |||| 00| 0 ukr d
100 _aПетрова Н.И.
942 _cSA
040 _aUA-OsUOA
_cUA-OsUOA
_dUA-OsUOA
245 _aДинамика самоактуализации у студентов творческих специальностей
300 _aС.45-50
955 _a0
773 0 _w0
_tВопросы психологии
_dМ.
_d2005
_g№1
650 7 _aВікова психологія
_2UDC
999 _c297424
_d297424